| 000 | 00691nam a2200217 a 4500 | ||
|---|---|---|---|
| 005 | 20210219153200.0 | ||
| 008 | 991125n 000 0 u | ||
| 035 | _aUPN01000082660 | ||
| 100 | _aWHITE, William F. | ||
| 222 | _aJOURNAL OF RESEARCH AND DEVELOPMENT IN EDUCATION | ||
| 245 | _aInformation systems approach to admissions, instruction and retention of college students with developmental lag | ||
| 300 | _a16-26 | ||
| 362 | _a1982 Vol. 15, no. 2 invierno | ||
| 653 | 0 | _aEDUCACION SUPERIOR | |
| 653 | 0 | _aESTADOS UNIDOS DE AMERICA | |
| 653 | 0 | _aESTUDIANTES | |
| 653 | 0 | _aUNIVERSIDADES | |
| 700 | _aBIGHAM, Wanda D., coaut. | ||
| 904 |
_aAC _b020471 |
||
| 905 | _aArticulo | ||
| 999 |
_c70442 _d70442 |
||